| 000 | 01869nam a2200445 a 4500 | ||
|---|---|---|---|
| 001 | ebr10234891 | ||
| 003 | CaPaEBR | ||
| 006 | m u | ||
| 007 | cr cn||||||||| | ||
| 008 | 061212s2006 ne a sb 001 0 eng d | ||
| 010 | _z 2006287255 | ||
| 020 | _z9789047409182 | ||
| 020 | _z9789004150430 (hd.bd.) | ||
| 020 | _z9004150439 (hd.bd.) | ||
| 040 |
_aCaPaEBR _cCaPaEBR |
||
| 035 | _a(OCoLC)243615481 | ||
| 043 |
_ae-gr--- _ae-it--- |
||
| 050 | 1 | 4 |
_aGF91.G8 _bC48 2006eb |
| 072 | 7 |
_aDE _2lcco |
|
| 245 | 0 | 0 |
_aCity, countryside, and the spatial organization of value in classical antiquity _h[electronic resource] / _cedited by Ralph M. Rosen and Ineke Sluiter. |
| 260 |
_aLeiden ; _aBoston : _bBrill, _c2006. |
||
| 300 |
_ax, 384 p. : _bill. |
||
| 490 | 1 |
_aMnemosyne, bibliotheca classica Batava. Supplementum, _x0169-8958 ; _v279 |
|
| 504 | _aIncludes bibliographical references and indexes. | ||
| 533 |
_aElectronic reproduction. _bPalo Alto, Calif. : _cebrary, _d2013. _nAvailable via World Wide Web. _nAccess may be limited to ebrary affiliated libraries. |
||
| 650 | 0 |
_aLandscape assessment _zGreece _xHistory. |
|
| 650 | 0 |
_aLandscape assessment _zRome _xHistory. |
|
| 650 | 0 |
_aGeographical perception _zGreece _xHistory. |
|
| 650 | 0 |
_aGeographical perception _zRome _xHistory. |
|
| 650 | 0 |
_aRural-urban relations _zGreece. |
|
| 650 | 0 |
_aRural-urban relations _zRome. |
|
| 650 | 0 |
_aLandscapes in literature _xHistory and criticism. |
|
| 650 | 0 |
_aClassical literature _xHistory and criticism. |
|
| 655 | 7 |
_aElectronic books. _2local |
|
| 700 | 1 | _aRosen, Ralph Mark. | |
| 700 | 1 |
_aSluiter, I. _q(Ineke) |
|
| 710 | 2 | _aebrary, Inc. | |
| 830 | 0 |
_aMnemosyne, bibliotheca classica Batava. _pSupplementum ; _v279. |
|
| 856 | 4 | 0 |
_uhttp://site.ebrary.com/lib/rucke/Doc?id=10234891 _zAn electronic book accessible through the World Wide Web; click to view |
| 999 |
_c38577 _d38577 |
||